000 00731nam a2200265Ia 4500
001 Para_5149
003 CHAP
008 220125s1930 xx 000 0 und d
010 _a203518
040 _cCHAP
090 _aPA FOLLETO 2490
100 _aWeber, George F
_9121293
245 _aMushrooms and their culture /
_c by George F. Weber
260 _aGainesville, Florida :
_b Agricultural Experiment Station
300 _a2 p.
440 _aFlorida Agri. Exp. Sta. Press Bull.; 425
_9169352
650 _aSetas
_9105368
901 _aPA FOLLETO 2490
902 _aA
905 _a0000001930 GAI 0000000000 00
910 _a1930
942 _cPARA
942 _cPARA
_d1
999 _c203518
_d203518